Afrikaans-Speaking Countries - Statistics

General Stats
  • This quiz has been taken 331 times
  • The average score is 7 of 10
Answer Stats
Population Answer % Correct
6.855 M South Africa
100%
220 K Namibia
93%
8 K Botswana
85%
21 K United Kingdom
75%
28 K United States
75%
13 K eSwatini
69%
49 K Australia
65%
23 K Canada
63%
41 K Zambia
62%
37 K New Zealand
60%
No matching quizzes found
Score Distribution
Percent of People with Each Score
Percentile by Number Answered
Your Score History
You have not taken this quiz